000 00640nam a2200181 a 4500
001 000036423
005 20200930075726.0
008 120117s1986 mx a 000 0 spa d
020 _a9684519516
040 _aDO-SdBNP
_bspa
_cBNPHU
082 _axxxx
_bR521c
100 1 _aRichardson, Lloyd I.
_962635
245 1 0 _aCálculo de soluciones y fármacos. /
_cLloyd I. Richardson, Judith Knight Richardson ; traducción María del Carmen Cerda Pérez.
260 _aMéxico :
_bMcGraw-Hill,
_c1986.
300 _a205 p. :
_bils. ;
_c23 cm.
700 1 _aRichardson, Judith Knight
_962636
700 1 _aCerda Pérez, María del Carmen,
_etr.
_962637
999 _c35914
_d35914